000 00723nam a2200289Ia 4500
005 20260324120624.0
008 008 260324s9999 xx 000 0 eng d
020 _a9781315592862
037 _aEBOOK
040 _aCRL
040 _beng
040 _cCRL
041 _2eng
041 _aeng
084 _qCRL
100 _aOlivier Charnoz; Virginie Diaz Pedregal
_91159311
245 0 _aLocal Politics, Global Impacts
245 0 _bSteps to a Multi-disciplinary Analysis of Scales
260 _bTaylor and Francis
260 _c2015
365 _a
365 _b230
856 _uhttp://www.taylorfrancis.com/books/9781315592862
942 _cEBOOK
999 _c1750938
_d1750938